Moi-même / (Record no. 113541)
[ view plain ]
| 000 -LEADER | |
|---|---|
| campo de control de longitud fija | 00515nam a2200169 i 4500 |
| 001 - NÚMERO DE CONTROL | |
| campo de control | 113541 |
| 003 - IDENTIFICADOR DE NÚMERO DE CONTROL | |
| campo de control | ES-MaACL |
| 005 - FECHA Y HORA DE LA ÚLTIMA TRANSACCIÓN | |
| campo de control | 20230906185932.0 |
| 007 - CAMPO FIJO DE DESCRIPCIÓN FÍSICA--INFORMACIÓN GENERAL | |
| campo de control de longitud fija | t| |
| 008 - DATOS DE LONGITUD FIJA--INFORMACIÓN GENERAL | |
| campo de control de longitud fija | 061121s1921 fr r ||||1| fre d |
| 100 1# - ENTRADA PRINCIPAL--NOMBRE DE PERSONA | |
| Nombre de persona | Nodier, Charles. |
| 9 (RLIN) | 85818 |
| 245 10 - MENCIÓN DEL TÍTULO | |
| Título | Moi-même / |
| Mención de responsabilidad, etc. | Charles Nodier ; ouvrage inédit avec une introduction sur le Roman Personnel par Jean Larat. |
| 260 ## - PUBLICACIÓN, DISTRIBUCIÓN, ETC. | |
| Lugar de publicación, distribución, etc. | Paris : |
| Nombre del editor, distribuidor, etc. | Edouard Champion, |
| Fecha de publicación, distribución, etc. | 1921. |
| 300 ## - DESCRIPCIÓN FÍSICA | |
| Extensión | 66 p. ; |
| Dimensiones | 20 cm. |
| 700 1# - ENTRADA AGREGADA--NOMBRE PERSONAL | |
| Nombre de persona | Larat, Jean. |
| 9 (RLIN) | 70225 |
| 852 ## - LOCALIZACIÓN | |
| Ubicación | ES-MaACL |
| Número de control de estantería | 1625-F-21 |
| Estatus retirado | Estado de pérdida | Estado de daño | No para préstamo | Colección | Biblioteca de origen | Biblioteca actual | Ubicación en estantería | Fecha de adquisición | Fuente de adquisición | Total de préstamos | Signatura topográfica completa | Código de barras | Visto por última vez | Precio de reemplazo | Tipo de ítem Koha |
|---|---|---|---|---|---|---|---|---|---|---|---|---|---|---|---|
| Colección de folletos | Biblioteca del Ateneo de Madrid | Biblioteca del Ateneo de Madrid | Depósito folletos | 17/01/2008 | 1625-F-21 | 1118418 | 23/02/2023 | 23/02/2023 | Folleto |
